LEADER 01273nam a2200277 u 4500 001 000000052464 003 CaOOAMICUS 005 20070226115443.0 008 001018s2000 it u000 u ita u 035 $a10858537 040 $aPUL$bita 100 1 $aMarconi, Nazzareno.$0(OLS)http://pul/name/37476 245 10$aDal silenzio al dialogo :$banalisi narrativa della storia di Giuseppe (Gn 37-50) /$cNazzareno Marconi. 260 $aCittą di Castello :$b[s.n.],$c1999. 300 $a138 p. ;$c25 cm 500 $aIn testa al front.: "Pontificia Universita Urbaniana. Facoltą di teologia". 500 $a"Estratto della dissertazione per il dottorato in teologia biblica". 502 $aThesis. --Pontificia Universitas Urbaniana, 1999. 504 $a"Bibliografia": p. 13-22. 630 04$aBiblia.$pV.T.$pGenesis.$0(OLS)http://pul/subject/1483 850 $aPUL 852 $aPUL$W1$xDP1 Tesi Pon. Univ. Urbaniana$y49$mTH URB 540$j69372$nBK-PRI$b $qTesi$B69372$CPULBib$Z2$F69372 $H $81 941 1 $a16 961 $aINV: 83080 996 $6245$aDal silenzio al dialogo :$banalisi narrativa della storia di Giuseppe (Gn 37-50)$9(OLS)http://pul/title/70371 996 $6260$aCittą di Castello :$b[s.n.]$9(OLS)http://pul/publisher/68302 LEADER 01252nam a2200301 a 4500 001 000000133126 003 CaOOAMICUS 005 20130312152142.0 008 130312s2005 it u000 u ita r 020 $a88-464-6453-2 040 $aPUL$bita 082 04$a370.1 100 1 $aBiagioli, Raffaella.$0(OLS)http://pul/name/85797 245 10$aEducare all'interculturalitą :$bteorie, modelli, esperienze scolastiche /$cRaffaella Biagioli. 260 $aMilano :$bFranco Angeli,$c©2005. 300 $a217 p. ;$c23 cm 490 1 $aMelagrana ;$v09 504 $aBibliografia p. 209-217. 650 4$aEducazione interculturale.$0(OLS)http://pul/subject/39428 830 0$aMelagrana ;$v09.$0(OLS)http://pul/title/168205 850 $aPUL 852 $aPUL$W1$xSL Diritto e Scienze Sociali 3$y79$m370. 1 BIARA 1$j153064$qDDC 21$B152560$CPULBib$Z2$F152560 $H121883 $82 941 1 $a9 996 $6020$a88-464-6453-2$9(OLS)http://pul/number/152101 996 $6082$a370.1$9(OLS)http://pul/classification/413 996 $6245$aEducare all'interculturalitą :$bteorie, modelli, esperienze scolastiche$9(OLS)http://pul/title/168204 996 $6260$aMilano :$bFranco Angeli$9(OLS)http://pul/publisher/52903